|
|
|
|
| LEADER |
00000nam0a2200000 4500 |
| 001 |
339878 |
| 005 |
20231102005202.0 |
| 010 |
|
|
|b 3080 экз.
|
| 035 |
|
|
|a (RuTPU)RU\TPU\book\366422
|
| 090 |
|
|
|a 339878
|
| 100 |
|
|
|a 20180201d1925 m y0rusy50 ca
|
| 101 |
0 |
|
|a rus
|
| 102 |
|
|
|a RU
|
| 105 |
|
|
|a af z 000zy
|
| 200 |
1 |
|
|a Воздушные сообщения. Общие свойства и статистика
|f Н. А. Рынин
|g худ. обл. А. М. Родченко
|
| 210 |
|
|
|a Москва
|c Транспечать НКПС
|d 1925
|
| 215 |
|
|
|a 228 с.
|c ил.
|e 7 вкл. л.
|
| 606 |
|
|
|a Воздухоплавание
|2 stltpush
|3 (RuTPU)RU\TPU\subj\3380
|9 31805
|
| 610 |
1 |
|
|a воздушные корабли
|
| 610 |
1 |
|
|a воздушные линии
|
| 610 |
1 |
|
|a аэростатика
|
| 610 |
1 |
|
|a воздушные перевозки
|
| 610 |
1 |
|
|a статика
|
| 610 |
1 |
|
|a аэропорты
|
| 610 |
1 |
|
|a авиакатастрофы
|
| 610 |
1 |
|
|a полеты
|
| 675 |
|
|
|a 629.73
|v 4
|
| 700 |
|
1 |
|a Рынин
|b Н. А.
|c доктор технических наук
|c профессор, ученый, педагог
|f 1877-1942
|g Николай Алексеевич
|2 stltpush
|3 (RuTPU)RU\TPU\pers\23486
|9 10241
|
| 702 |
|
1 |
|a Родченко
|b А. М.
|4 040
|
| 801 |
|
1 |
|a RU
|b 63413507
|c 20180201
|
| 801 |
|
2 |
|a RU
|b 63413507
|c 20180201
|g RCR
|
| 942 |
|
|
|c BK
|